000 00323nam a2200133Ia 4500
008 190216s9999||||xx |||||||||||||| ||und||
100 _aSankaran S
245 0 _aEconomic Development Of India
250 _a6th Ed.
260 _bProgressive Corporation Pvt Ltd
_c1972
300 _a1068
650 _aEconomics
942 _cBK
999 _c9324
_d9324